| 000 | 00388nam a2200145Ia 4500 | ||
|---|---|---|---|
| 008 | 230401s9999||||xx |||||||||||||| ||und|| | ||
| 020 | _a9.7893553209e+012 | ||
| 082 |
_a4.6 _bFOR/D |
||
| 100 | _aForouzan Behrouz .A | ||
| 245 | 0 | _aData Communications And Networking | |
| 250 | _a6th Edition | ||
| 260 |
_aChennai _bMcgraw Hill Education Pvt Ltd _c2022 |
||
| 300 | _a834p | ||
| 942 | _cBK | ||
| 999 |
_c41770 _d41770 |
||